Hitler's rant in "Downfall" - Statistics

General Stats
  • This quiz has been taken 94 times
  • The average score is 110 of 212
Answer Stats
Context Answer % Correct
I
94%
Burgdorf: Führer, this is outrageous. | Hitler: If Steiner attacks, everthing will be all right.
Krebs: My Führer... Steiner... Jodl: Steiner didn't have enough force. The attack didn't take place.
The
94%
the
94%
a
90%
an
83%
at
79%
be
79%
-Everybody leaving- That
77%
that
77%
attack
73%
Is
73%
is
73%
was
73%
order
71%
order.
71%
to?
71%
to
71%
you
71%
You
71%
and
69%
stay
69%
All
67%
all
67%
my
67%
this
65%
of
63%
Krebs
62%
me.
62%
For
60%
general
60%
people.
60%
Do
58%
German
58%
How
58%
in
58%
Jodl,
58%
no
58%
No
58%
on
58%
have
56%
war
56%
will
56%
cowards.
52%
Burgdorf: I can't permit you to insult the soldiers... Cowards,
52%
following
52%
lost.
52%
Steiner's
52%
what
52%
Burgdorf.
50%
if
50%
SS.
50%
are
48%
Europe
48%
It
48%
leave
48%
academy
46%
academy.
46%
But
46%
Even
46%
has
46%
never
46%
Stalin
46%
can
44%
conquered
44%
dare
44%
did
44%
did.
44%
here:
44%
knife
44%
leader
44%
orders?
44%
orders
44%
own.
44%
own
44%
been
42%
Berlin,
42%
traitors
42%
Traitors.
42%
want.
42%
betrayed
40%
blood.
40%
ever
40%
Keitel,
40%
military
40%
where
40%
as
38%
generals
38%
their
38%
They
38%
come
37%
fork.
37%
had
37%
went
37%
over.
35%
think
35%
use
35%
With
35%
ignore
33%
should
33%
bunch
31%
these
31%
learnt
29%
years
29%
years,
29%
drown
27%
ignored.
27%
pay.
27%
scum
27%
under
27%
betrayal
25%
call
25%
lying
25%
officers
25%
than
25%
because
23%
head.
23%
only
23%
shoot
23%
would
23%
wrong.
23%
bullet
21%
honor.
21%
spent
21%
yourself
21%
from
19%
any
17%
more
17%
rather
17%
circumstances?
15%
executed,
15%
means
15%
Such
15%
through
15%
start.
13%
high-ranking
12%
sense
12%
disloyal
10%
thwart
10%
obstructed
8%
incompetents.
6%
deceived
4%
enormous
4%
No matching quizzes found
Score Distribution
Percent of People with Each Score
Percentile by Number Answered
Your Score History
You have not taken this quiz